000 00477nam a2200181Ia 4500
005 20250508161709.0
008 008 250505s9999 xx 000 0 eng d
037 _aTextual
040 _aFEDL
_beng
_cFEDL
041 _aeng
_2eng
084 _a651.3, NOR
_qFEDL
100 _aNorton Joseph L Ed.
_9771378
245 0 _aOn the job
260 _aChicago, USA
_bJ G Ferguson
_c1970
300 _a260p.
942 _cTEXL
_h651.3, NOR
999 _c1371607
_d1371607